00857cam a2200253 a 450000100100000000500170001000800410002702000150006804000180008308200180010110000500011924500580016926000350022730000210026249000330028365000280031665000310034483000420037591000340041791000070045104900090045895201210046799900150058800000765820200929154241.0940516s1992 sp 000 f spa d a8433909401 aDO-SdBNPcDLC a863.64bC112c1 aCaballero Bonald, José Manuel,d1928-9988710aCampo de Agramante /cJosé Manuel Caballero Bonald. aBarcelona :bAnagrama,cc1992. a298 p. ;c22 cm.1 aNarrativas hispánicasv130 4aNovela española91123 4aLiteratura española9632 0aNarrativas hispánicas ;v130921236 aCatalogación por copia / LC aWM aBNGR 001054708MOaGRbGRcHDd2009-09-09iLF1l0o863.64 C112cp7658-10r2020-06-25w2020-06-25y4ZPréstamo en sala c7438d7438